Superhero Arch Nemesis - Statistics

General Stats
  • This quiz has been taken 31 times
  • The average score is 20 of 74
Answer Stats
Supehero Arch Nemesis % Correct
Batman Joker
100%
Superman Lex Luthor
93%
Spider-Man Green Goblin
89%
Captain America Red Skull
89%
Thor Loki
86%
Professor X Magneto
79%
Flash Reverse Flash
64%
Mr. Fantastic Doctor Doom
61%
Daredevil Kingpin
61%
Captain America (sam wilson) Sin
61%
Green Lantern Sinestro
61%
Aquaman Black Manta
57%
Shazam Black Adam
54%
Wonder Woman Cheetah
54%
Justice League Darkseid
50%
Black Panther Killmonger
50%
Wolverine Sabretooth
46%
Vision Ultron
46%
Iron Man Mandarin
43%
Teen Titans Deathstroke
39%
Iceman Pyro
36%
Ant-Man Yellowjacket
36%
Blade Dracula
32%
Raven Trigon
32%
Ghost Rider Mephisto
29%
Nightcrawler Mystique
29%
Sentry The Void
25%
Hulk Leader
21%
Miles Morales The Prowler
21%
Cable Apocalypse
18%
Jean Grey Dark Phoenix
18%
Rocket Raccoon High Evolutionary
18%
Silver Surfer Mephisto
18%
Beast Boy The Brain
18%
She-Hulk Titania
18%
Blue Beetle Black Beetle
14%
Shadowcat Emma Frost
14%
Punisher Jigsaw
14%
Jessica Jones Kilgrave
14%
Firestorm Killer Frost
14%
Green Arrow Merlyn
14%
Black Widow Taskmaster
14%
Elektra The Hand
14%
Captain Marvel Yon-Rogg
14%
Doctor Strange Baron Mordo
11%
Wonder Man Baron Zemo
11%
Starfire Blackfire
11%
Nightwing Blockbuster
11%
Avengers Kang the Conquerer
11%
Cyclops Mister Sinister
11%
Human Torch Namor
11%
Iron Fist Steel Serpent
11%
Beta Ray Bill Surtur
11%
Moon Knight Bushman
7%
Robin (tim drake) Captain Boomerang
7%
Powerman Diamondback
7%
Storm Shadow King
7%
Metamorpho Simon Stagg
7%
Deadpool T-Ray
7%
Hawkeye Trickshot
7%
Wasp Whirlwind
7%
Winter Soldier Aleksander Lukin
4%
Cyborg Brother Blood
4%
Atom Chronos
4%
Scarlet Witch Chthon
4%
War Machine Ezekiel Stane
4%
Batgirl James Gordan Jr.
4%
Star-Lord J'son
4%
Black Canary Killer Shark
4%
Martian Manhunter Ma’alefa’ak
4%
Colossus Omega Red
4%
Ms. Marvel The Inventor
4%
Scarlet Spider The Jackal
4%
Shang-Chi Zheng Zu
4%
No matching quizzes found
Score Distribution
Percent of People with Each Score
Percentile by Number Answered
Your Score History
You have not taken this quiz